The Western World: Renaissance to the Present / (Record no. 617431)

000 -LEADER
fixed length control field 00404nam a22001337a 4500
020 ## - INTERNATIONAL STANDARD BOOK NUMBER
Qualifying information HB.
040 ## - CATALOGING SOURCE
Transcribing agency FIZZA ISHAQ
082 ## - DEWEY DECIMAL CLASSIFICATION NUMBER
Classification number 901.9
Author Mark RUS
100 ## - MAIN ENTRY--PERSONAL NAME
Personal name Major , J. Russell.
9 (RLIN) 134432
245 ## - TITLE STATEMENT
Title The Western World: Renaissance to the Present /
Statement of responsibility, etc. J. Russell Major.
260 ## - PUBLICATION, DISTRIBUTION, ETC.
Place of publication, distribution, etc. Philadelphia New York:
Name of publisher, distributor, etc. J. B. Lippincott Company,
Date of publication, distribution, etc. 1966.
300 ## - PHYSICAL DESCRIPTION
Extent xv , 1152 P. : ill. ;
Dimensions 24 CM
942 ## - ADDED ENTRY ELEMENTS (KOHA)
Source of classification or shelving scheme
Koha item type Book
Holdings
Withdrawn status Lost status Source of classification or shelving scheme Damaged status Not for loan Permanent Location Current Location Shelving location Date acquired Total Checkouts Full call number Barcode Date last seen Price effective from Koha item type
          NUST Baluchistan Campus (NBC) NUST Baluchistan Campus (NBC) General Stacks 05/13/2026   901.9 RUS QD-362 05/13/2026 05/13/2026 Book
© 2023 Central Library, National University of Sciences and Technology. All Rights Reserved.